| 000 | 01000nam a22002417a 4500 | ||
|---|---|---|---|
| 003 | OSt | ||
| 005 | 20180830081023.0 | ||
| 008 | 180609b xxu||||| |||| 00| 0 spa d | ||
| 020 | _a9505083475 | ||
| 040 | _cPJ | ||
| 100 |
_9305 _aMeirovich de Aguinis, Ana María |
||
| 245 | 1 | 0 |
_aContrato de agencia comercial / _cAna María De Aguinis; prólogo de Raúl Aníbal Etcheverry. |
| 260 |
_aBuenos Aires : _bAstrea, _c1991. |
||
| 300 |
_a149 p. _c20 cm. |
||
| 500 | _aNotas y citas a pie de página. | ||
| 500 | _aAspectos jurídicos y función económica; derechos y obligaciones, responsabilidad, rescisión unilateral | ||
| 504 | _aBibliografía: p. 145-149. | ||
| 505 | _aContenido: Artística. Viajes. Financiera. Bolsa. Marítima. Seguros. Lotería y prode. Colocación de personal. Broker. La agency. | ||
| 650 | 0 |
_aDERECHO COMERCIAL _91602 |
|
| 650 | 0 |
_aCONTRATOS COMERCIALES _91670 |
|
| 700 |
_91793 _aEtcheverry, Raúl Aníbal _eprologuista |
||
| 942 |
_2udc _cLIB _h347.741 _iMIE |
||
| 999 |
_c1291 _d1291 |
||